00389nam a2200157 a 45000010005000000030009000050080041000140400028000550820018000831000022001012450014001232600033001373000010001704900030001806500021002101573CO-ViMGA141112s2004 ck r 000 u spa d aCO-ViMGAbspacCO-ViMGA04aA863.44 C677e1 aCortázar, Julio10aEl examen aMexico : bAlfaguara, c1990 a254 p aLiteratura Alfaguara, 25414aNOVELA ARGENTINA